| 000 | 01658nam a22004337a 4500 | ||
|---|---|---|---|
| 001 | 847528991 | ||
| 003 | OCoLC | ||
| 005 | 20241110164815.0 | ||
| 006 | m o d | ||
| 007 | cr ||| | ||
| 008 | 130610s2013 stka o 001 0 eng | ||
| 020 | _z9780702044199 | ||
| 035 | _a(OCoLC)847528991 | ||
| 040 |
_aABH _cABH _dU9S _dOPELS |
||
| 041 | _aeng | ||
| 049 |
_aYYEA _aVZYM |
||
| 080 |
_a616.21 _bD-52 |
||
| 096 | _aINTERNET LINK | ||
| 100 | 1 | _aDhillon, R. S. | |
| 245 | 1 | 0 |
_aEar, nose, and throat and head and neck surgery _ban illustrated colour text / _cR.S. Dhillon, C.A. East. |
| 250 | _a4th ed. | ||
| 260 |
_aEdinburgh : _bElsevier, _c2013. |
||
| 300 |
_a1 online resource : 123 p. _billustrations. |
||
| 500 | _aIncludes index. | ||
| 500 | _aEINSTEIN: available online via Clinical Key. See Reference staff for assistance. | ||
| 500 | _aMMC: available online via Clinical Key. See Reference for assistance. | ||
| 505 | 0 | _aThe ear -- Nose and paranasal sinuses -- Basic concepts -- Head and neck neoplasia. | |
| 588 | _aDescription based on print version record. | ||
| 650 | 1 | 2 |
_aOtorhinolaryngologic Diseases _xdiagnosis. |
| 650 | 1 | 2 |
_aOtorhinolaryngologic Diseases _xtherapy. |
| 650 | 2 | 2 |
_aHead _xsurgery. |
| 650 | 2 | 2 |
_aNeck _xsurgery. |
| 653 | _aოტორინოლარინგოლოგია | ||
| 653 | _aქირურგია | ||
| 655 | 7 | _aElectronic books. | |
| 700 | 1 | _aEast, C. A. | |
| 776 | 0 | 8 |
_iPrint version: _aDhillon, R. S. _tEar, nose, and throat and head and neck surgery: an illustrated colour text. _dEdinburgh : Elsevier, 2013 _z9780702044199 _w(OCoLC)794603183. |
| 942 |
_2udc _cBK _e4 |
||
| 999 |
_c415 _d415 |
||